और उलझते गए जाल में (Record no. 7162)

MARC details
000 -LEADER
fixed length control field 01122 a2200241 4500
005 - DATE AND TIME OF LATEST TRANSACTION
control field 20080915161048.0
008 - FIXED-LENGTH DATA ELEMENTS--GENERAL INFORMATION
fixed length control field 080915t xxu||||| |||| 00| 0 hin d
010 ## - LCCN (DPL NO)
LC control number HIN-80841
020 ## - INTERNATIONAL STANDARD BOOK NUMBER
International Standard Book Number 8181291069
Terms of availability 150.00
035 ## - SYSTEM CONTROL NUMBER
System control number HN-53187
037 ## - SOURCE OF ACQUISITION
Source of stock number/acquisition D.B.Act / pub
082 ## - DEWEY DECIMAL CLASSIFICATION NUMBER
Classification number 821
100 ## - MAIN ENTRY--PERSONAL NAME
Personal name वर्मा, दिवाकर
245 ## - TITLE STATEMENT
Title और उलझते गए जाल में
Statement of responsibility, etc दिवाकर वर्मा
246 ## - VARYING FORM OF TITLE
Title proper/short title aur Ulajhte gaye Jal main
Remainder of title by Diwakar Verma
260 ## - PUBLICATION, DISTRIBUTION, ETC. (IMPRINT)
Place of publication, distribution, etc नई दिल्ली
Name of publisher, distributor, etc नमन प्रकाशन
Date of publication, distribution, etc 2007
270 ## - ADDRESS
Address 4231/1-बी, अंसारी रोड, दरियागंज
City नई दिल्ली
Postal code 110002
Telephone number 23247003
300 ## - PHYSICAL DESCRIPTION
Extent 109पृ
Dimensions 22 सेमी (सजिल्द)
650 ## - SUBJECT ADDED ENTRY--TOPICAL TERM
Topical term or geographic name as entry element हिन्दी कविताएँ
650 ## - SUBJECT ADDED ENTRY--TOPICAL TERM
Topical term or geographic name as entry element Hindi Pomes
942 ## - ADDED ENTRY ELEMENTS (KOHA)
Institution code [OBSOLETE] dpl
Item type Hindi Books
Call number prefix 821 / वर्मादि
Source of classification or shelving scheme Dewey Decimal Classification
Classification part 821
Call number suffix वर्मादि
Holdings
Withdrawn status Lost status Source of classification or shelving scheme Damaged status Not for loan Home library Current library Date acquired Cost, normal purchase price Total Checkouts Full call number Barcode Date last seen Copy number Cost, replacement price Koha item type
    Dewey Decimal Classification     D.B.Act.Division D.B.Act.Division 15/09/2008 150.00   821 वर्मादि HN-53187 15/09/2008 1 150.00 Hindi Books

© Delhi Public Library
Hit Counter
free hit counter